| 000 | 00571nam a22001937a 4500 | ||
|---|---|---|---|
| 999 |
_c19217 _d19217 |
||
| 003 | AR-CdUCM | ||
| 008 | 190307b ||||| |||| 00| 0 spa d | ||
| 040 |
_aMUNICIPALIDAD PROVINCIAL DEL CUSCO _cBIBLIOTECA MUNICIPAL DEL CUSCO |
||
| 082 |
_a848.9 / _bM29 |
||
| 100 |
_aMauriac, François _97200 |
||
| 245 | _aEl misterio frontenac / | ||
| 260 |
_aChile : _bLuz estado, _c1934. |
||
| 300 |
_a206 páginas ; _c20 cm. |
||
| 505 | _aContenido : Novela. | ||
| 650 |
_aLiteratura francesa _99529 |
||
| 650 |
_aNovela francesa _92590 |
||
| 942 |
_2ddc _cLIBROS |
||
| 945 | _arcc | ||